Databázová aplikácia vo vybranom prostredí bakalárska práca

Salvato in:
Dettagli Bibliografici
Autore principale: Zábojník, Matúš
Ente Autore: Fakulta hospodárskej informatiky EU. Katedra aplikovanej informatiky
Altri autori: Blahušiak, Martin
Natura: Libro
Lingua:slovacco
Pubblicazione: Bratislava 2014
Tags: Aggiungi Tag
Nessun Tag, puoi essere il primo ad aggiungerne!!

MARC

LEADER 00000nbm a2200000 4500
001 0189921
005 20170201113019.7
041 0 |a slo 
044 |a SK 
245 1 0 |a Databázová aplikácia vo vybranom prostredí  |b bakalárska práca  |c Matúš Zábojník ; školiteľ: Martin Blahušiak 
264 1 |a Bratislava  |c 2014 
300 |a 41 s. 
100 1 |a Zábojník, Matúš 
700 1 |a Blahušiak, Martin 
710 2 |a Fakulta hospodárskej informatiky EU. Katedra aplikovanej informatiky